Geography 'E' Blitz Quiz Stats

 Plays Quiz Updated Jul 2, 2018

Challenge
Share
Tweet
Embed
Score 0/20 Timer 02:00
28 Plays Today
Category Answer % Correct
Cardinal directionEast
97.3%
Continent Europe
96%
World currencyEuro
95.7%
African countryEgypt
95.4%
LanguageEnglish
92.1%
United Kingdom countryEngland
90.5%
South American countryEcuador
86%
European countryEstonia
84.7%
Multiple word countryEquatorial Guinea
79.9%
Great LakeErie
79.6%
Category Answer % Correct
United Kingdom
country capital
Edinburgh
72.5%
Circle of latitudeEquator
72%
North American countryEl Salvador
68%
Canadian provincial
capital
Edmonton
60.9%
Seven summitsEverest
58.3%
English countyEssex
56.8%
Major river*Euphrates
56.7%
Texas City (100K+)El Paso
51.6%
German City (100K+)Essen
45.4%
US national parkEverglades
37.4%

You're not logged in!

Compare scores with friends on all Sporcle quizzes.
Join for Free
OR
Log In

You Might Also Like...

Show Comments

Extras

Top Quizzes Today


Score Distribution

Your Account Isn't Verified!

In order to create a playlist on Sporcle, you need to verify the email address you used during registration. Go to your Sporcle Settings to finish the process.

Report this User

Report this user for behavior that violates our Community Guidelines.

Details: